Größte Städte Ostdeutschlands - Statistiken

Allgemein
  • Dieses Quiz wurde 29.203 mal gespielt
  • Das Durchschnittsergebnis liegt bei 11 aus 16
Antwortstatistiken
Bevölkerung Stadt % Korrekt
3.520.031 Berlin
99%
543.825 Dresden
95%
560.472 Leipzig
93%
167.745 Potsdam
84%
235.723 Magdeburg
80%
210.118 Erfurt
76%
209.779 Rostock
76%
248.645 Chemnitz
75%
96.800 Schwerin
71%
236.991 Halle
68%
109.527 Jena
68%
99.687 Cottbus
61%
96.011 Gera
49%
71.574 Brandenburg
47%
91.123 Zwickau
45%
82.919 Dessau-Roßlau
28%
Keine übereinstimmenden Quizze gefunden
Verteilung der Resultate
Anzahl Personen mit jedem Resultat
Perzentil nach korrekt beantworteten Fragen
Ihre Resultats-Entwicklung
Sie haben dieses Quiz noch nicht gespielt